Loreto College Library, Kolkata
WEBOPAC (ONLINE PUBLIC ACCESS CATALOGUE)

Buddenbrooks (Record no. 5408)

MARC details
000 -LEADER
fixed length control field 00613nam a2200205Ia 4500
005 - DATE AND TIME OF LATEST TRANSACTION
control field 20230130103416.0
008 - FIXED-LENGTH DATA ELEMENTS--GENERAL INFORMATION
fixed length control field 131103s9999 xx 000 0 und d
040 ## - CATALOGING SOURCE
Original cataloging agency Loreto College
041 ## - LANGUAGE CODE
Language code English
082 ## - DDC | ডিউই
Classification number | বর্গসংখ্যা 833.91
Book Number | গ্রন্থাঙ্ক MAN
100 ## - MAIN ENTRY--PERSONAL NAME | মুখ্য সংলেখ - ব্যাক্তিনাম
Personal name | ব্যাক্তিনাম Mann,Thomas
245 ## - TITLE STATEMENT | অাখ্যা বিবরণী
Title | অাখ্যা Buddenbrooks
Sub title | উপঅাখ্যা the popular novel by the greatest living man of letters
Statement of responsibility | লেখকের দায়িত্বের বিবরণ Thomas Mann translated by H.T.Lowe - Parter
260 ## - IMPRINT | প্রকাশনা ক্ষেত্র
Place of publication | প্রকাশ স্থান New York
Name of publisher | প্রকাশকের নাম Pocket Books
Date of publication | প্রকাশ কাল 1952
300 ## - PHYSICAL DESCRIPTION |
Page / Vol. No | পৃষ্ঠা / খন্ড সংখ্যা 644 p.[4]
504 ## - BIBLIOGRAPHY, ETC. NOTE
Bibliography, etc Cardinal edition
650 ## - SUBJECT ADDED ENTRY--TOPICAL TERM | বিষয় শিরোনাম - মূল বিষয়
Topical term | মূল বিষয় German Fiction - 19th Century
700 ## - ADDED ENTRY--PERSONAL NAME | অতিরিক্ত সংলেখ - ব্
Personal name | ব্যাক্তিনাম Lowe - Porter,H.T.,tr.
850 ## - HOLDING INSTITUTION
Holding institution LCLIB
942 ## - ADDED ENTRY ELEMENTS (KOHA)
Koha item type Books
Holdings
Withdrawn status Lost status Source of classification Damaged status Not for loan Home library Current library Date acquired Total Checkouts Full call number Accession No. Date last seen Price effective from Koha item type Coded location qualifier
    Dewey Decimal Classification     Loreto College Loreto College 04/11/2013   833.91 MAN B5276 04/11/2013 04/11/2013 Books